000 00271nam a22001217a 4500
008 170213b xxu||||| |||| 00| 0 eng d
041 _aeng
080 _a61
100 _a4
101 _ashm
245 _aTHE AMERICAN MEDICAL ASSOCIATION
_cCLAYMAN, CH.B
942 _2udc
_cBK
999 _c5196
_d5196